| 000 | 00843cab a2200289 4500 | ||
|---|---|---|---|
| 001 | X2351 | ||
| 008 | 090401t1995 xxu||||| |||| 00| 0 eng d | ||
| 035 | _a(Sirsi) u23559 | ||
| 041 | _aeng | ||
| 100 | _aMartin, D. | ||
| 245 | 3 | _aAn insight into French agriculture | |
| 260 | _c1995 | ||
| 350 | _a0 | ||
| 490 |
_aCSM (Chartered Surveyor Monthly) _v4(7) May 1995, 48-49(2) |
||
| 650 | _aFARM BUSINESS SKILLS PANEL | ||
| 650 | _aFRANCE | ||
| 650 | _aOFFICE NATIONAL INTERPROFESSIONEL DES CEREALES | ||
| 650 | _aOFFICE NATIONAL INTERPROFESSIONEL DES VIANDES DE LELEVAGE ET LAVICULTU | ||
| 650 | _aOFFICE NATIONAL INTERPROFESSIONEL DU LAIT ET DES PRODUITS LAITEURS | ||
| 650 | _aOFIVAL | ||
| 650 | _aONIC | ||
| 650 | _aONILAIT | ||
| 690 | _aOVERSEAS-EUROPE | ||
| 690 | _aRURAL PRACTICE | ||
| 942 | _n0 | ||
| 948 | _c04/03/1997 | ||
| 999 |
_c15751 _d15751 |
||